000 00357nam a2200133Ia 4500
005 20260328101517.0
008 260328s9999||||xx |||||||||||||| ||und||
100 _aRob, Gregory
245 0 _aKey Contemporary Buildings :
_b Plans, Sections and Elevations /
_cGregory Rob
260 _bNorton
300 _a240 p.
650 _aARQUITECTURA CIVIL
942 _cBK
999 _c9423
_d9423